| 000 | 00409nam a2200133Ia 4500 | ||
|---|---|---|---|
| 008 | 200110s9999 xx 000 0 und d | ||
| 020 | _a978-81-7884-371-1 | ||
| 100 | _aRizvi, G.A.H. | ||
| 245 |
_cG.A.H.Rizvi.-- _aTourism in recent global scenerio / |
||
| 260 |
_aNew Delhi : _bCyber Tech Publications _c2008 |
||
| 300 |
_a272 pages _c22 cm. |
||
| 500 | _aIncludes bibliography and index. | ||
| 650 | _aTourism. | ||
| 999 |
_c362893 _d362893 |
||